ბათუმის შოთა რუსთაველის სახელმწიფო უნივერსიტეტის ბიბლიოთეკა

ლექსო არ დაიკარგები (ბიბ.ჩანაწერი № 51028)

000 -LEADER
fixed length control field 00783nam a2200217Ia 4500
001 - CONTROL NUMBER
control field 17985
003 - CONTROL NUMBER IDENTIFIER
control field GE_BSU
008 - FIXED-LENGTH DATA ELEMENTS--GENERAL INFORMATION
fixed length control field 181216s||||||||xx |||||||||||||| ||und||
040 ## - CATALOGING SOURCE
Transcribing agency GE_BSU
080 ## - UNIVERSAL DECIMAL CLASSIFICATION NUMBER
Universal Decimal Classification number 821.353.1-91-1
245 ## - TITLE STATEMENT
Title ლექსო არ დაიკარგები
245 ## - TITLE STATEMENT
Statement of responsibility, etc. სარედ.კოლ. გ. ბარნოვი. რ. ინანიშვილი. ზ. კიკნაძე და სხვ. მხატვ. სპ. ცინცაძე
260 ## - PUBLICATION, DISTRIBUTION, ETC.
Place of publication, distribution, etc. თბილისი
260 ## - PUBLICATION, DISTRIBUTION, ETC.
Name of publisher, distributor, etc. მერანი
260 ## - PUBLICATION, DISTRIBUTION, ETC.
Date of publication, distribution, etc. 1985
300 ## - PHYSICAL DESCRIPTION
Extent 352გვ.21სმ.
653 ## - INDEX TERM--UNCONTROLLED
Uncontrolled term ლექსები
653 ## - INDEX TERM--UNCONTROLLED
Uncontrolled term ლექსო არ დაიკარგები
653 ## - INDEX TERM--UNCONTROLLED
Uncontrolled term ხალხური პოეზია
942 ## - ADDED ENTRY ELEMENTS (KOHA)
Koha item type წიგნი
ეგზემპლარები
Withdrawn status Lost status Damaged status Not for loan Date acquired Barcode Date last seen Price effective from Koha item type
        2018-12-17 41489 2018-12-17 2018-12-17 წიგნი